| Record ID | marc_records_scriblio_net/part02.dat:70692999:821 |
| Source | Scriblio |
| Download Link | /show-records/marc_records_scriblio_net/part02.dat:70692999:821?format=raw |
LEADER: 00821cam 22002411 4500
001 19003351
003 DLC
005 20050730210247.0
008 751202s1911 enkfc 000 0 eng
010 $a 19003351
035 $a(OCoLC)1869662
040 $aDLC$cMsSM$dDLC
042 $apremarc
050 00 $aDA565.S87$bA3
100 1 $aStuart, James,$d1843-1913.
245 10 $aReminiscences,$cby James Stuart.
260 $aLondon,$bPrinted for private circulation at the Chiswick press,$c1911.
300 $axv, [1], 302 p., 1 l.$bfront., plates, ports.$c23 cm.
500 $a"Preface by the compiler" signed: Helen Caroline Colman.
500 $aPedigree tables of James Stuart and Laura Elizabeth Colman: p. 283-285.
600 30 $aStuart family.
600 30 $aColeman family.
700 1 $aColman, Helen Caroline,$d1865-$ecomp.